书目信息 |
| 题名: |
医学科研方法与论文写作
|
|
| 作者: | 殷国荣 主编 | |
| 分册: | ||
| 出版信息: | 北京 科学出版社 2002 |
|
| 页数: | 12,395页 | |
| 开本: | 26cm | |
| 丛书名: | ||
| 单 册: | ||
| 中图分类: | R-03 , H152.2 | |
| 科图分类: | ||
| 主题词: | 医学--研究方法 , 医学--论文--写作 | |
| 电子资源: | ||
| ISBN: | 978-7-03-009714-9 | |
| 000 | 00957nam0 2200253 450 | |
| 001 | 0100185812 | |
| 005 | 20020928000000.0 | |
| 010 | @a978-7-03-009714-9@dCNY45.00 | |
| 100 | @a20020411d2002 emky0chiy0110 ea | |
| 101 | 0 | @achi |
| 102 | @aCN@b110000 | |
| 105 | @ay z 000yy | |
| 106 | @ar | |
| 200 | 1 | @a医学科研方法与论文写作@9Yi Xue Ke Yan Fang Fa Yu Lun Wen Xie Zuo @f殷国荣等主编@b专著 |
| 210 | @a北京@c科学出版社@d2002 | |
| 215 | @a12,395页@d26cm | |
| 330 | @a本书共分16章,内容涵盖了医学研究的基本方法、医学科研课题的选定与申请、科研成果的评价与奖励、医学科研的设计、实验结果的统计学处理、医学文献的检索与资料积累;系统介绍了医学论文撰写方法、写作步骤、各类医学论文的写作特点、医学论文的常见错误及防止方法等。 | |
| 606 | 0 | @a医学@x研究方法 |
| 606 | 0 | @a医学@x论文@x写作 |
| 690 | @aR-03@v4 | |
| 690 | @aH152.2@v4 | |
| 701 | 0 | @a殷国荣@f(1951.3~)@9yin guo rong@4主编 |
| 801 | 0 | @aCN@bAiZhiMarc@c20020416 |
| 905 | @aBZT@dR-03@e4@f4@sR-03/4 | |
| 医学科研方法与论文写作/殷国荣等主编.-北京:科学出版社,2002 |
| 12,395页;26cm |
| ISBN 978-7-03-009714-9:CNY45.00 |
| 本书共分16章,内容涵盖了医学研究的基本方法、医学科研课题的选定与申请、科研成果的评价与奖励、医学科研的设计、实验结果的统计学处理、医学文献的检索与资料积累;系统介绍了医学论文撰写方法、写作步骤、各类医学论文的写作特点、医学论文的常见错误及防止方法等。 |
| ● |
| 相关链接 |
|
|
|
正题名:医学科研方法与论文写作
索取号:R-03/4
 
预约/预借
| 序号 | 登录号 | 条形码 | 馆藏地/架位号 | 状态 | 备注 |
| 1 | 2000007134 | 2000007134 | 旧书回溯/ [索取号:R-03/4] | 在馆 | |
| 2 | 2000013112 | 2000013112 | 旧书回溯/ [索取号:R-03/4] | 在馆 | |
| 3 | 2000134006 | 2000134006 | 旧书回溯/ [索取号:R-03/4] | 在馆 | |
| 4 | 2000134009 | 2000134009 | 旧书回溯/ [索取号:R-03/4] | 在馆 |